[Event "Moscow Region Spring Junior"]
[Site "Serpukhov"]
[Date "2011.05.01"]
[Round "3"]
[White "Anokhin, Andrey"]
[Black "Degrave, Katerina"]
[Result "1/2-1/2"]
[WhiteElo "1771"]
[BlackElo "1719"]
[PlyCount "76"]
[EventDate "2011.04.30"]
[EventType "tourn"]
[EventRounds "7"]
[EventCountry "RUS"]
[SourceTitle "EXT 2022"]
[Source "ChessBase"]
[SourceDate "2021.10.06"]
[SourceVersion "1"]
[SourceVersionDate "2021.10.06"]
[SourceQuality "1"]

1. Nf3 c5 2. c4 b6 3. Nc3 Bb7 4. e3 e6 5. b3 Nf6 6. Bb2 Be7 7. Be2 d6 8. 0-0 0-0 9. d4 cxd4 10. Nxd4 a6 11. Bf3 Qc7 12. Rc1 Nbd7 13. Qc2 Ne5 14. Bxb7 Qxb7 15. f3 Rfe8 16. e4 Ng6 17. Ba3 h5 18. Rfe1 h4 19. Qf2 Nf4 20. Qd2 N6h5 21. g3 Nh3+ 22. Kg2 Bg5 23. f4 N3xf4+ 24. gxf4 Bxf4 25. Qe2 Bxc1 26. Bxc1 Qe7 27. Qf3 g6 28. Rf1 Rac8 29. Qg4 b5 30. Bg5 Qa7 31. Nde2 bxc4 32. Nf4 Nxf4+ 33. Qxf4 f5 34. exf5 exf5 35. Qxd6 Qb7+ 36. Kg1 Qc6 37. Qd5+ Qxd5 38. Nxd5 Kf7 1/2-1/2

[Event "Karelia-ch"]
[Site "Petrozavodsk"]
[Date "2011.02.24"]
[Round "4"]
[White "Degrave, Katerina"]
[Black "Velikodvorskaya, Regina"]
[Result "1-0"]
[WhiteElo "1703"]
[BlackElo "1714"]
[PlyCount "97"]
[EventDate "2011.02.22"]
[EventType "swiss"]
[EventRounds "9"]
[EventCountry "RUS"]
[SourceTitle "CBM 141 Extra"]
[Source "ChessBase"]
[SourceDate "2011.05.03"]
[SourceVersion "1"]
[SourceVersionDate "2011.05.03"]
[SourceQuality "1"]

1. d4 Nf6 2. Nf3 d5 3. c4 e6 4. Bg5 c6 5. e3 Be7 6. Nc3 Nbd7 7. Bd3 h6 8. Bh4 0-0 9. 0-0 Re8 10. Qc2 Nf8 11. Ne5 N6d7 12. Bg3 Nxe5 13. Bxe5 Bd6 14. Bxd6 Qxd6 15. Rfd1 e5 16. dxe5 Qxe5 17. cxd5 cxd5 18. Nxd5 Be6 19. Nc3 Rac8 20. Qe2 a6 21. Rac1 Bd7 22. Bc4 Bc6 23. Qg4 Ne6 24. e4 g6 25. Qh4 Kg7 26. Bd5 Nc5 27. f4 Qe7 28. Qxe7 Rxe7 29. e5 Ne6 30. g3 Rec7 31. Bxc6 Rxc6 32. Rd7 b5 33. a3 a5 34. Rb7 Nd4 35. Rd1 b4 36. axb4 axb4 37. Rxb4 Ne6 38. Rb7 Nc5 39. Rb5 Kf8 40. b4 Ne6 41. Ne4 Rc1 42. Rxc1 Rxc1+ 43. Kf2 Nd4 44. Rb7 Rc2+ 45. Ke3 Nf5+ 46. Kd3 Rxh2 47. Nf6 Kg7 48. Rb8 Ne7 49. Re8 1-0

[Event "Karelia-ch"]
[Site "Petrozavodsk"]
[Date "2011.02.23"]
[Round "2"]
[White "Degrave, Katerina"]
[Black "Simkin, Alexander"]
[Result "0-1"]
[WhiteElo "1703"]
[BlackElo "1969"]
[PlyCount "74"]
[EventDate "2011.02.22"]
[EventType "swiss"]
[EventRounds "9"]
[EventCountry "RUS"]
[SourceTitle "CBM 141 Extra"]
[Source "ChessBase"]
[SourceDate "2011.05.03"]
[SourceVersion "1"]
[SourceVersionDate "2011.05.03"]
[SourceQuality "1"]

1. d4 d5 2. Nf3 Nf6 3. c4 c6 4. e3 Bf5 5. Nc3 e6 6. cxd5 exd5 7. Be2 Bd6 8. 0-0 0-0 9. a3 Re8 10. b4 a6 11. Qb3 Nbd7 12. a4 Qe7 13. Ba3 Ne4 14. Ra2 g5 15. Nxe4 dxe4 16. Nd2 b5 17. Rc2 Be6 18. Qb2 Bd5 19. a5 f5 20. Qc3 Nf6 21. Nb3 f4 22. Rd1 f3 23. Bf1 fxg2 24. Bxg2 g4 25. Nc5 Qf7 26. Rcc1 Qh5 27. Kf1 Qxh2 28. Nb7 Bf8 29. Qe1 h5 30. Rd2 h4 31. f4 exf3 32. Bxf3 Qh3+ 33. Bg2 Bxg2+ 34. Rxg2 Rxe3 35. Qd2 Qh1+ 36. Rg1 Rf3+ 37. Ke2 Re8+ 0-1